Religion in Panama - Statistics

General Stats
  • This quiz has been taken 36 times
  • The average score is 3 of 4
Answer Stats
Percent Religion % Correct
80.6% Catholic
100%
10.4% Protestant
84%
7.7% Other
74%
1.3% None
65%
No matching quizzes found
Score Distribution
Percent of People with Each Score
Percentile by Number Answered
Your Score History
You have not taken this quiz